[Event "Magistral Endesa GM"]
[Site "Endesa CHI"]
[Date "2008.10.29"]
[Round "7"]
[White "Valiente,C"]
[Black "Ricardi,P"]
[Result "0-1"]
[WhiteElo "2254"]
[BlackElo "2505"]

1.e4 c5 2.Nf3 d6 3.Bb5+ Bd7 4.Bxd7+ Qxd7 5.O-O Nc6 6.c3 Nf6 7.d4 Nxe4 8.d5 Ne5
9.Nxe5 dxe5 10.Re1 Nd6 11.Rxe5 g6 12.Re1 Bg7 13.Be3 b6 14.a4 O-O 15.Na3 Rfe8
16.Qb3 Rac8 17.Nc4 Rcd8 18.Rad1 Qg4 19.Nxd6 Rxd6 20.h3 Qf5 21.Rd2 Red8 22.Red1 Be5
23.Qc4 h5 24.Qd3 Qxd3 25.Rxd3 e6 26.Bg5 f6 27.f4 Bxc3 28.Rxc3 fxg5 29.Rg3 Rxd5
30.Rxd5 Rxd5 31.fxg5 h4  0-1

[Event "WYCC Boys U16"]
[Site "Vung Tau City VIE"]
[Date "2008.10.29"]
[Round "10"]
[White "Jain,A2"]
[Black "Martchenko,A"]
[Result "0-1"]
[WhiteElo "2010"]
[BlackElo "2039"]

1.e4 c5 2.Nf3 d6 3.Bb5+ Nd7 4.c4 Nf6 5.Nc3 g6 6.d4 cxd4 7.Nxd4 Bg7 8.Ba4 O-O
9.Bc2 Ne5 10.b3 Bd7 11.O-O Rc8 12.Bb2 a6 13.Rc1 Qa5 14.a4 Nc6 15.Nd5 Nxd5
16.exd5 Nb4 17.Qd2 b5 18.axb5 axb5 19.Ra1 Qb6 20.Qxb4 Bxd4 21.Bxd4 Qxd4 22.Rfd1 Qb2
23.Bd3 bxc4 24.Bxc4 Rb8 25.Qd2 Qf6 26.Ra7 Bb5 27.Bxb5 Rxb5 28.Qe2 Rxb3 29.Rxe7 Rb2
30.Qe3 Rxf2 31.Qxf2 Qxe7 32.h3 Re8 33.Rc1 Qg5 34.Rd1 Re5 35.Qd4 Re2 36.g4 Qh4
37.Kf1 Rh2 38.Rd3 Rxh3 39.Rxh3 Qxh3+ 40.Kf2 Qh2+ 41.Kf3 Qe5 42.Qc4 h5 43.gxh5 Qxh5+
44.Kg3 Qe5+ 45.Kf3 Kg7 46.Qc6 g5 47.Qb5 Qf4+ 48.Kg2 g4 49.Qb2+ Qf6 50.Qd2 Qf3+  0-1

[Event "TCh-CHN Torch Real Estate Cup"]
[Site "Jiangsu Wuxi CHN"]
[Date "2008.10.30"]
[Round "12"]
[White "Zhang Jilin"]
[Black "Tan Zhongyi"]
[Result "1/2-1/2"]
[WhiteElo "2361"]
[BlackElo "2353"]

1.e4 c5 2.Nf3 d6 3.Bb5+ Bd7 4.Bxd7+ Nxd7 5.O-O Ngf6 6.Re1 e6 7.c3 Be7 8.d4 cxd4
9.cxd4 d5 10.e5 Ne4 11.Nbd2 Nxd2 12.Bxd2 O-O 13.Rc1 Nb6 14.Qb3 Qd7 15.Bb4 Rfc8
16.Bc5 Nc4 17.Bxe7 Qxe7 18.Rc3 Rc6 19.Qc2 Rac8 20.h3 Qb4 21.Re2 h6 22.Qc1 Na3
23.Rxc6 Rxc6 24.Qe1 Qxe1+ 25.Nxe1 Nb5 26.Nc2 Ra6 27.a3 Rb6 28.Rd2 a5  1/2-1/2

[Event "Autumn"]
[Site "Nea Filadelfia GRE"]
[Date "2008.10.30"]
[Round "4"]
[White "Vazelakis,D"]
[Black "Geroukalis,A"]
[Result "1/2-1/2"]
[WhiteElo "2089"]
[BlackElo "1996"]

1.e4 c5 2.Nf3 d6 3.Bb5+ Bd7 4.Bxd7+ Qxd7 5.O-O e5 6.c3 Nc6 7.d4 O-O-O 8.a4 f5
9.exf5 Qxf5 10.dxc5 dxc5 11.Qe2 Nf6 12.Na3 Bd6 13.Nc4 Bb8 14.Re1 Rhe8 15.Ne3 Qh5
16.Nd2 Qxe2 17.Rxe2 Nd5 18.Nxd5 Rxd5 19.Kf1 Kd7 20.Ne4 b6 21.Be3 Na5 22.Rae1 Bd6
23.Bc1 Nb3 24.Re3 c4 25.Rg3 Re7 26.Bg5 Rf7 27.Be3 h6 28.Ke2 g5 29.h4 gxh4
30.Rg6 Be7 31.Bxh6 Nc5 32.Nxc5+ Bxc5 33.Be3 Bxe3 34.Kxe3 Rd3+ 35.Ke2 h3 36.gxh3 Rxh3
37.Rd1+ Kc7 38.Rg4 Rhf3 39.Rxc4+ Kb7 40.Rf1 Ka6 41.Re4 Ka5 42.Rxe5+ Kxa4
43.Re3 R3f4 44.b4 a5 45.bxa5 bxa5 46.Re5 Kb3 47.Rxa5 Kxc3 48.Rc5+ Kd4 49.Rc8 Re7+
50.Kd2 Rf3 51.Rd8+ Ke5 52.Re1+ Kf6 53.Rd6+ Kf7 54.Re2 Rxe2+ 55.Kxe2 Ra3 56.f4 Ke7
57.Rh6 Kf7 58.Kf2 Rb3 59.Kg2 Ra3 60.Rh3 Ra2+ 61.Kg3 Kg6 62.Rh8 Kf5 63.Rf8+ Kg6
64.Kg4 Ra1 65.Rb8 Rg1+ 66.Kf3 Rf1+ 67.Ke4 Re1+ 68.Kd4 Kf5 69.Rf8+ Kg6  1/2-1/2

[Event "8th Rohde Open"]
[Site "Sautron FRA"]
[Date "2008.10.31"]
[Round "8"]
[White "Tissir,M"]
[Black "Carlsson,P"]
[Result "1/2-1/2"]
[WhiteElo "2463"]
[BlackElo "2515"]

1.e4 c5 2.Nf3 d6 3.Bb5+ Bd7 4.Bxd7+ Qxd7 5.c4 Nf6 6.Nc3 g6 7.O-O Bg7 8.d4 cxd4
9.Nxd4 O-O 10.f3 Rc8 11.b3 d5 12.exd5 Nxd5 13.Nxd5 e6 14.Bh6 exd5 15.Bxg7 Kxg7
16.Nb5 dxc4 17.Nd6 Rd8 18.Nxb7 Qxd1 19.Raxd1 Rxd1 20.Rxd1 cxb3 21.axb3 Nc6
22.Rd7 a5 23.Kf2 a4 24.bxa4 Rxa4 25.Nd6 Ra7 26.Rxa7 Nxa7 27.Ke3 Kf6 28.Ne4+ Ke7
29.f4 Nc6  1/2-1/2

[Event "8th Rohde Open"]
[Site "Sautron FRA"]
[Date "2008.10.31"]
[Round "8"]
[White "Katz,F"]
[Black "Abbasov,F"]
[Result "0-1"]
[WhiteElo "2097"]
[BlackElo "2578"]

1.e4 c5 2.Nf3 d6 3.Bb5+ Nc6 4.b3 Bd7 5.Bb2 a6 6.Bc4 Nf6 7.e5 dxe5 8.Nxe5 Nxe5
9.Bxe5 Bc6 10.O-O e6 11.Re1 Nd7 12.Bb2 Qg5 13.Bf1 Bd6 14.d4 Nf6 15.d5 O-O-O
16.dxc6 Bxh2+ 17.Kxh2 Rxd1 18.cxb7+ Kxb7 19.Rxd1 Qh5+ 20.Kg1 Qxd1 21.Na3 Qh5
22.g3 Rd8 23.Bg2+ Kc8 24.Bxf6 Rd1+ 25.Rxd1 Qxd1+ 26.Kh2 gxf6 27.Be4 Qf1 28.Bd3 Qxf2+
29.Kh3 f5 30.Nc4 Qg1  0-1

[Event "Open A"]
[Site "Le Touquet FRA"]
[Date "2008.11.01"]
[Round "9"]
[White "Briscoe,C"]
[Black "Bernard,Ch"]
[Result "0-1"]
[WhiteElo "2253"]
[BlackElo "2364"]

1.e4 c5 2.Nf3 d6 3.Bb5+ Bd7 4.Bxd7+ Qxd7 5.O-O Nc6 6.c3 Nf6 7.d4 cxd4 8.cxd4 d5
9.e5 Ne4 10.Ne1 h6 11.f3 Ng5 12.Be3 e6 13.Nc3 Be7 14.Nd3 O-O 15.Rc1 Rac8
16.Kh1 f5 17.exf6 Bxf6 18.Nc5 Qe7 19.Re1 Qf7 20.Nb5 Rfd8 21.Bxg5 Bxg5 22.f4 Qxf4
23.Rc3 Qd2 24.Nxb7 Qxb2 25.Nxd8 Qxb5 26.Nxe6 Bf6 27.Qc2 Kf7 28.Nf4 Qa5 29.Rc1 Re8
30.Qg6+ Kf8 31.Qg3 Nxd4 32.Rf1 Nf5 33.Ng6+ Kg8 34.Qf3 Bxc3 35.Qxf5 Bf6 36.Nf4 Re1
37.Nh5 Rxf1+ 38.Qxf1 Be5 39.Qe2 Qc3 40.Ng3 Qc1+ 41.Nf1 Qf4 42.g3 Qf5 43.Nd2 Bc3
44.Nf3 Qe4 45.Qxe4 dxe4 46.Ng1 Kf7 47.Ne2 Bd2 48.Nd4 Be3 49.Nf5 Bc5 50.Kg2 Bf8
51.Nd4 Kf6 52.g4 g6 53.h4 Bc5 54.g5+ hxg5 55.hxg5+ Ke5 56.Nc6+ Kf5 57.Nd8 Be3
58.Kg3 Bxg5 59.Nf7 Bf4+ 60.Kf2 Ke6 61.Nd8+ Kd5  0-1

[Event "TCh-BEL 2008-9"]
[Site "Belgium BEL"]
[Date "2008.11.02"]
[Round "3"]
[White "Hendriks,W"]
[Black "Gharamian,T"]
[Result "0-1"]
[WhiteElo "2447"]
[BlackElo "2555"]

1.e4 c5 2.Nf3 d6 3.Bb5+ Bd7 4.Bxd7+ Nxd7 5.O-O Ngf6 6.d3 g6 7.Ng5 h6 8.Nh3 Bg7
9.Nc3 O-O 10.f4 e6 11.Kh1 Nh7 12.Nf2 f5 13.Bd2 Nb8 14.g4 fxe4 15.Ncxe4 Nc6
16.c3 Qe7 17.Qe2 Rae8 18.Rae1 Kh8 19.Rg1 d5 20.Ng3 b5 21.Qf1 Qf7 22.Qg2 b4
23.Nh3 a5 24.Rgf1 Nb8 25.f5 exf5 26.Rxe8 Rxe8 27.gxf5 g5 28.f6 Bf8 29.Nf5 Nd7
30.Nf2 Ndxf6 31.Ng4 Nxg4 32.Qxg4 Qe6 33.Re1 Qf7 34.Rf1 Qe6 35.Re1 Qg6 36.Qf3 Rxe1+
37.Bxe1 Qe6 38.Bf2 Kg8 39.d4 bxc3 40.bxc3 c4 41.Bg3 Nf6 42.Be5 Ne4 43.h4 Nxc3
44.hxg5 Ne4 45.gxh6 Kh7 46.Bg7 Ba3 47.Ne3 Bc1 48.Nf5 c3 49.Bf8 c2 50.Qg2 Bg5  0-1

[Event "Corus Internet Qualifier"]
[Site "ICC INT"]
[Date "2008.11.02"]
[Round "2.2"]
[White "Meier,Geo"]
[Black "Robson,R"]
[Result "1-0"]
[WhiteElo "2558"]
[BlackElo "2466"]

1.e4 c5 2.Nf3 d6 3.Bb5+ Nc6 4.O-O Bd7 5.c3 Nf6 6.Re1 a6 7.Ba4 c4 8.Na3 b5
9.Bc2 Ne5 10.b3 Rc8 11.bxc4 bxc4 12.Nxe5 dxe5 13.d4 cxd3 14.Bxd3 e6 15.Nc4 Bb5
16.Nxe5 Bxd3 17.Nxd3 Rxc3 18.Qa4+ Qd7 19.Qxd7+ Nxd7 20.Rd1 Ba3 21.Bxa3 Rxa3
22.Nb4 Nf6 23.f3 O-O 24.Nc6 h6 25.Rd2 Kh7 26.Rb1 Rc8 27.Rb6 Rc7 28.Ne5 Ra5
29.Rc6 Rxc6 30.Nxc6 Rc5 31.Nb4 a5 32.Nd3 Rc7 33.Ne5 g5 34.Kf2 Kg7 35.Ke2 Kf8
36.Kd1 Ke7 37.Rc2 Rb7 38.Nc6+ Kd7 39.Nxa5 Rb1+ 40.Ke2 Nh5 41.g3 f5 42.exf5 exf5
43.Nc4 Rh1 44.Kd3 f4 45.g4 Nf6 46.Kd4 Ke6 47.Re2+ Kf7 48.Nd6+ Kg6 49.Re6 Rd1+
50.Kc4 Kg7 51.Re7+ Kg6 52.Nf5 Nd5 53.Re6+ Kf7 54.Re5 Nb6+ 55.Kb5 Rb1+ 56.Kc6 Nc4
57.Re2 Kf6 58.Kd5 Nb6+ 59.Kd6 Rd1+ 60.Kc6 Nc4 61.Kc5 Ne5 62.Nd4 Rf1 63.a4 Nxf3
64.Nxf3 Rxf3 65.Ra2 Rc3+ 66.Kd5 Rd3+ 67.Ke4 Re3+ 68.Kd4 Re6 69.a5 Ra6 70.Kd5 h5
71.h3 hxg4 72.hxg4 Ra8 73.a6 Rd8+ 74.Ke4 Ra8 75.a7 Ke6 76.Ra6+ Kd7 77.Kf5 f3
78.Ra2 Kc7 79.Kxg5 Kb7 80.Kf4 f2 81.Rxf2 Rxa7 82.Rc2 Ra8 83.g5 Rf8+ 84.Kg4 Rg8
85.Kh5 Rh8+ 86.Kg6 Rg8+ 87.Kf6 Rf8+ 88.Kg7 Rf1 89.g6 Rf3 90.Kg8 Rg3 91.g7 Rg1
92.Rf2 Kc7 93.Kf7  1-0

[Event "TCh-HUN 2008-9"]
[Site "Szombathely HUN"]
[Date "2008.11.02"]
[Round "2"]
[White "Papp,T1"]
[Black "Ruck,T"]
[Result "0-1"]
[WhiteElo "2315"]
[BlackElo "2328"]

1.e4 c5 2.Nf3 d6 3.Bb5+ Bd7 4.Bxd7+ Qxd7 5.O-O Nf6 6.Re1 Nc6 7.b3 g6 8.Bb2 Bg7
9.e5 dxe5 10.Nxe5 Nxe5 11.Bxe5 Rd8 12.d3 O-O 13.Nc3 Qc6 14.a4 Rd7 15.Re3 Nd5
16.Nxd5 Qxd5 17.Bxg7 Kxg7 18.Qe2 e6 19.Re1 Rfd8 20.Re5 Qd4 21.Re4 Qf6 22.h3 Rd4
23.Qe3 b6 24.Re5 R8d5 25.g3 h5 26.h4 Rxe5 27.Qxe5 Qxe5 28.Rxe5 Kf6 29.Re1 e5
30.Kg2 Kf5 31.Kf3 f6 32.Re2 a6 33.Re1 g5 34.hxg5 fxg5 35.Rh1 h4 36.gxh4 gxh4
37.Rg1 Rf4+ 38.Ke3 Rg4 39.Rh1 Kg5 40.Kf3 Kf5 41.Re1 Rf4+ 42.Kg2 e4 43.dxe4+ Rxe4
44.Rh1 Rg4+ 45.Kf3 Rd4 46.Kg2 Ke5 47.Kf3 Rd2 48.Ke3 Rxc2 49.Kd3 Rxf2 50.Rxh4 b5
51.Rh6 Rf3+ 52.Kc2 Rf6 53.Rh5+ Kd4 54.axb5 Rf2+ 55.Kb1 axb5 56.b4 c4 57.Rh3 c3
58.Rh4+ Kd3 59.Rh5 Kc4  0-1

[Event "12th OIBM"]
[Site "Bad Wiessee GER"]
[Date "2008.11.03"]
[Round "3"]
[White "Stanetzek,C"]
[Black "Henrichs,T"]
[Result "0-1"]
[WhiteElo "2259"]
[BlackElo "2485"]

1.e4 c5 2.Nf3 d6 3.Bb5+ Nc6 4.Bxc6+ bxc6 5.O-O e5 6.c3 Nf6 7.Re1 Bg4 8.h3 Bh5
9.d3 Nd7 10.Nbd2 Be7 11.Nf1 O-O 12.Ng3 Bg6 13.Be3 Re8 14.Rc1 Qa5 15.Re2 Qxa2
16.d4 cxd4 17.cxd4 Qa6 18.Rec2 Qb7 19.Rxc6 Nc5 20.d5 Nxe4 21.Rc7 Qxb2 22.Rb1 Nxf2  0-1

[Event "SenWM"]
[Site "Bad Zwischenahn GER"]
[Date "2008.11.03"]
[Round "7"]
[White "Westerinen,H"]
[Black "Gutman,L"]
[Result "0-1"]
[WhiteElo "2345"]
[BlackElo "2485"]

1.e4 c5 2.Nf3 d6 3.Bb5+ Bd7 4.a4 Nf6 5.e5 dxe5 6.Nxe5 Bxb5 7.axb5 Qd5 8.Nf3 Qe4+
9.Qe2 Qxc2 10.Nc3 e6 11.O-O Nbd7 12.Qe3 Qf5 13.d4 Bd6 14.h3 O-O 15.Rd1 Nd5
16.Qe2 N7f6 17.Ra4 cxd4 18.Raxd4 Nxc3 19.bxc3 Be7 20.Ne5 Nd5 21.g4 Qb1 22.Rxd5 exd5
23.Bg5 Qb3 24.Bxe7 Rfe8 25.Bd6 f6 26.f4 fxe5 27.Bxe5 Rad8 28.Qd3 Qc4 29.Qf5 Qxb5
30.Bxg7 Qe2 31.Bd4 Qxd1+ 32.Kg2 Qe2+ 33.Kg3 Qe1+ 34.Bf2 Qxc3+ 35.Kh4 Qg7
36.g5 h6 37.g6 Rd6 38.Kh5 Ree6  0-1

[Event "21st Belgrade Trophy"]
[Site "Obrenovac SRB"]
[Date "2008.11.03"]
[Round "7"]
[White "Dinic,N"]
[Black "Masovic,B"]
[Result "1-0"]
[WhiteElo "2116"]
[BlackElo "1837"]

1.e4 c5 2.Nf3 d6 3.Bb5+ Bd7 4.Bxd7+ Qxd7 5.O-O e6 6.c3 Nc6 7.Re1 Nge7 8.d4 cxd4
9.cxd4 d5 10.e5 Ng6 11.Nc3 Be7 12.a3 Rc8 13.Bd2 O-O 14.b4 Nh4 15.Nxh4 Bxh4
16.Qg4 Bd8 17.Rac1 f5 18.exf6 Bxf6 19.Ne2 Qf7 20.Be3 Ne7 21.Nf4 Nf5 22.Nd3 h6
23.Nf4 Kh8 24.Rxc8 Rxc8 25.Nxd5 Rc4 26.Nxf6 Qxf6 27.Qe2 b5 28.g3  1-0

[Event "21st Belgrade Trophy"]
[Site "Obrenovac SRB"]
[Date "2008.11.03"]
[Round "7"]
[White "Stojkovska,M"]
[Black "Marinkov,S"]
[Result "1-0"]
[WhiteElo "1865"]
[BlackElo "2026"]

1.e4 c5 2.Nf3 d6 3.Bb5+ Bd7 4.Bxd7+ Qxd7 5.O-O Nc6 6.c3 Nf6 7.Re1 e6 8.d4 cxd4
9.cxd4 d5 10.e5 Ne4 11.Nbd2 Bb4 12.Nxe4 dxe4 13.Rxe4 O-O-O 14.Bg5 Qd5 15.Qc2 Rd7
16.a3 Ba5 17.Re2 Kb8 18.Be3 g6 19.b4 Bb6 20.Rd2 Rc8 21.Qb2 a6 22.Rc1 Ne7
23.Rxc8+ Nxc8 24.Rc2 h5 25.a4 Bd8 26.Nd2 Be7 27.Qc3 Na7 28.Nf3 Nc6 29.Rb2 Rc7
30.Qd2 Na7 31.h3 Rc4 32.Rb1 Nc6 33.b5 Bb4 34.Qd3 axb5 35.axb5 Qxb5 36.Kh2 Qd5
37.Qb3 Na5 38.Qa4 b5 39.Rxb4 Rxb4 40.Qxb4 Nc6 41.Qf8+ Kb7 42.Qxf7+ Kb6 43.Qxg6  1-0

[Event "21st Belgrade Trophy"]
[Site "Obrenovac SRB"]
[Date "2008.11.04"]
[Round "8"]
[White "Nadj Hedjesi,B"]
[Black "Markovic,Miros1"]
[Result "1/2-1/2"]
[WhiteElo "2296"]
[BlackElo "2442"]

1.e4 c5 2.Nf3 d6 3.Bb5+ Bd7 4.Bxd7+ Nxd7 5.c4 Ngf6 6.Nc3 Ne5 7.O-O e6 8.d3 Be7
9.h3 O-O 10.Nh2 Nc6 11.f4 d5 12.e5 Ne8 13.Qe2 Nc7 14.Bd2 Nd4 15.Qf2 f6 16.exf6 Bxf6
17.Ng4 Bh4 18.g3 Be7 19.Kh2 Nf5 20.cxd5 exd5 21.Rfe1 d4 22.Ne4 Nd5 23.Rac1 Qb6
24.b3 Rac8 25.Qf3 Qd8 26.Re2 b5 27.Nef2 b4 28.Re5 Nc3 29.Rxf5 Rxf5 30.Nh6+ gxh6
31.Qg4+ Rg5 32.fxg5 Rc6 33.gxh6+ Rg6 34.Qf5 Ne2 35.Re1 Nxg3 36.Qe5 Qa8 37.Ng4 Nf1+
38.Kg1 Nxd2 39.Qxe7 Nf3+ 40.Kf2 Nxe1 41.Kxe1 Qf8 42.Qe5 Qc8 43.Kd2 Qd8 44.Kd1 Qd6
45.Qe8+ Qf8 46.Qe5 Qa8 47.Kd2 a5 48.Qxc5 Qg2+ 49.Kd1 Rc6 50.Qg5+ Rg6 51.Qd8+ Kf7
52.Qd7+ Kf8  1/2-1/2

[Event "21st Belgrade Trophy"]
[Site "Obrenovac SRB"]
[Date "2008.11.04"]
[Round "8"]
[White "Kasparov,S"]
[Black "Carnic,S"]
[Result "1-0"]
[WhiteElo "2492"]
[BlackElo "2346"]

1.e4 c5 2.Nf3 d6 3.Bb5+ Bd7 4.Bxd7+ Qxd7 5.c4 Nf6 6.Nc3 g6 7.d4 cxd4 8.Nxd4 Bg7
9.f3 O-O 10.Be3 Nc6 11.O-O Rfc8 12.Nde2 Qd8 13.Rc1 Nd7 14.Kh1 a5 15.b3 Nc5
16.a3 Qf8 17.Rb1 Rd8 18.Qc2 Rac8 19.Rfd1 Nd7 20.h3 Nc5 21.Rbc1 Bh6 22.Bxh6 Qxh6
23.Rb1 Ne5 24.Nd5 Qh4 25.Ng1 Re8 26.f4 e6 27.g3 Qd8 28.Nc3 Nc6 29.Nb5 d5
30.cxd5 Qb6 31.Nd6  1-0

[Event "SenWM Women"]
[Site "Bad Zwischenahn GER"]
[Date "2008.11.06"]
[Round "10"]
[White "Erenska Barlo,H"]
[Black "Strutinskaya,G"]
[Result "0-1"]
[WhiteElo "2271"]
[BlackElo "2282"]

1.e4 c5 2.Nf3 d6 3.Bb5+ Nd7 4.c3 Nf6 5.Qe2 a6 6.Ba4 Qa5 7.Bc2 Ne5 8.h3 Bd7
9.O-O Rc8 10.d3 e6 11.Nh2 Be7 12.f4 Nc6 13.e5 Nd5 14.Nd2 Qc7 15.Ndf3 O-O
16.a3 f6 17.exf6 Rxf6 18.Ng4 Rf7 19.Qe4 Nf6 20.Nxf6+ gxf6 21.f5  0-1

[Event "Russia Cup Final"]
[Site "Serpuhov RUS"]
[Date "2008.11.06"]
[Round "1.2"]
[White "Iordachescu,V"]
[Black "Loskutov,O"]
[Result "1/2-1/2"]
[WhiteElo "2572"]
[BlackElo "2482"]

1.e4 c5 2.Nf3 d6 3.Bb5+ Bd7 4.Bxd7+ Nxd7 5.O-O Ngf6 6.Qe2 e6 7.d3 Be7 8.Ng5 h6
9.Nh3 Ne5 10.f4 Nc6 11.Nd2 Qc7 12.Nf3 O-O-O 13.c3 d5 14.Nf2 g5 15.e5 Nh5
16.b4 cxb4 17.cxb4 Bxb4 18.fxg5 Bc3 19.Rb1 Rdg8 20.gxh6 Nxe5 21.Rb3 Ng6 22.Nh3 e5
23.Kh1 Kb8 24.d4 exd4 25.Nfg5 Qc4 26.Rxf7 Qxe2 27.Rbxb7+ Ka8 28.Rxa7+ Kb8
29.Rab7+ Ka8  1/2-1/2

[Event "12th OIBM"]
[Site "Bad Wiessee GER"]
[Date "2008.11.08"]
[Round "8"]
[White "Pohle,D"]
[Black "Koepke,C"]
[Result "0-1"]
[WhiteElo "2173"]
[BlackElo "2356"]

1.e4 c5 2.Nf3 d6 3.Bb5+ Nd7 4.c4 Nf6 5.Nc3 e6 6.O-O Be7 7.d4 cxd4 8.Nxd4 O-O
9.Bxd7 Nxd7 10.b3 a6 11.Bb2 Qc7 12.Rc1 Re8 13.Kh1 Bf8 14.Qd3 b6 15.Qg3 Bb7
16.f4 Nc5 17.Rce1 Rad8 18.f5 e5 19.Nc2 Kh8 20.Nb4 b5 21.cxb5 axb5 22.Nbd5 Qd7
23.b4 Na4 24.Nxa4 bxa4 25.Rd1 Ba6 26.Rfe1 Qb7 27.Qa3 Bb5 28.Rc1 Rc8 29.Qe3 Bc6
30.Nb6 Rb8 31.Nc4 Bxe4 32.Qxe4 d5 33.Qh4 dxc4 34.Bxe5 Rbc8 35.f6 g6 36.Bd6 Bxd6
37.Rxc4 Rxe1+ 38.Qxe1 Bf8 39.Re4  0-1

[Event "Corus Internet Qualifier"]
[Site "ICC INT"]
[Date "2008.11.08"]
[Round "3.4"]
[White "Fier,A"]
[Black "Salgado Lopez,I"]
[Result "1/2-1/2"]
[WhiteElo "2581"]
[BlackElo "2556"]

1.e4 c5 2.Nf3 d6 3.Bb5+ Nd7 4.O-O a6 5.Be2 Ngf6 6.Nc3 b5 7.Re1 Bb7 8.d3 e6
9.Bf1 Be7 10.a3 O-O 11.Bg5 h6 12.Bh4 Ne5 13.Nxe5 dxe5 14.Bxf6 Bxf6 15.a4 Bc6
16.b3 Be7 17.axb5 axb5 18.Rxa8 Qxa8 19.Qa1 Qb7 20.Qb2 Ra8 21.Ra1 Rxa1 22.Qxa1 Bd8
23.Nd1 Bc7 24.Ne3 g6 25.Ng4 Qb8 26.Nxh6+ Kg7 27.Ng4 f5 28.Ne3 Kh7 29.Qa6 Bb6
30.c4 b4 31.Be2 Qd8 32.Qa1 Qd4 33.Qa6 Qd8 34.Qa1 Bc7 35.h3 Kg8 36.Qa7 Bd6
37.Bf3 Be8 38.exf5 gxf5 39.Qa8 Qxa8 40.Bxa8 Bg6 41.Nf1 Be7 42.f3 Bg5 43.Kf2 Kf7
44.Ke2 Ke7 45.g3 Kd6 46.Ne3 Kc7 47.Ng2 Bh5 48.g4 Bg6 49.h4 Bh6 50.h5 Bh7
51.Nh4 Bg5 52.Ng6 Bxg6 53.hxg6 Bf6 54.gxf5 exf5 55.Bd5  1/2-1/2

[Event "Russia Cup Final"]
[Site "Serpuhov RUS"]
[Date "2008.11.10"]
[Round "3.2"]
[White "Chadaev,N"]
[Black "Timofeev,Arty"]
[Result "0-1"]
[WhiteElo "2567"]
[BlackElo "2670"]

1.e4 c5 2.Nf3 d6 3.Bb5+ Bd7 4.Bxd7+ Nxd7 5.O-O Ngf6 6.d3 g6 7.Ng5 h6 8.Nh3 Bg7
9.Nc3 Ne5 10.f4 Nc6 11.Kh1 e6 12.Be3 Qe7 13.f5 O-O 14.Nf4 exf5 15.Nfd5 Nxd5
16.Nxd5 Qe5 17.Bf4 Qxb2 18.Rb1 Qxa2 19.Rxb7 fxe4 20.dxe4 Qa6 21.Rd7 Rad8
22.Rxd6 Kh8 23.h4 Rxd6 24.Bxd6 Rd8 25.Bg3 f5 26.Re1 Qc4 27.Qb1 fxe4 28.Nf4 Ne7
29.Qb7 Nf5 30.Bh2 Kh7 31.h5 g5 32.Ng6 Qb4 33.Qxb4 cxb4 34.g4 Nd6 35.Ne7 Bc3
36.Re2 Rd7 37.Bxd6 Rxd6 38.Rxe4 a5 39.Nf5 Ra6 40.Re7+ Kg8 41.Ne3 Kf8 42.Rb7 a4
43.Nd5 a3  0-1

[Event "Russia Cup Final"]
[Site "Serpuhov RUS"]
[Date "2008.11.11"]
[Round "4.1"]
[White "Iordachescu,V"]
[Black "Savchenko,B"]
[Result "1/2-1/2"]
[WhiteElo "2572"]
[BlackElo "2648"]

1.e4 c5 2.Nf3 d6 3.Bb5+ Bd7 4.Bxd7+ Qxd7 5.O-O g6 6.c3 Nf6 7.Re1 Bg7 8.d4 O-O
9.dxc5 dxc5 10.Qe2 Nc6 11.e5 Nd5 12.Qc4 b6 13.Nbd2 Nc7 14.Nf1 Qd5 15.Qh4 Nxe5
16.Nxe5 Bxe5 17.Ne3 Qe6 18.Ng4 Bg3 19.Nh6+ Kg7 20.Qxe7 Qxe7 21.Rxe7 Bd6 22.Rd7 Rad8
23.Rxd8 Rxd8 24.Ng4 f5 25.Ne3 Ne6 26.g3 f4 27.Nc4 Bc7 28.Bxf4 Nxf4 29.gxf4 Bxf4
30.a4 Kf7 31.Kg2 Bc7 32.Re1 Rd5 33.h3 Rg5+ 34.Kf3 Rf5+ 35.Kg2 Rf4 36.b3 Rf5
37.Ne3 Rg5+ 38.Kf3 Be5 39.Nd5 Ke6 40.Nf4+ Kd6 41.Rd1+ Kc6 42.Nd5 Rf5+ 43.Kg2 Rf7
44.c4 Bd4 45.f4 Kd6 46.Re1 a6 47.Re8 g5 48.Rb8 gxf4 49.Kf3 Ke5 50.Rxb6 a5
51.Rb8 Bg1 52.Re8+ Kd4 53.Re1 Rg7 54.Rd1+ Ke5 55.Nxf4 Bd4 56.Re1+ Kf5 57.Rd1 Rf7
58.Nd3 Re7 59.Re1 Rb7 60.Rb1 Re7 61.Re1 Rb7 62.Rb1 Rb6 63.Nf4 Be5 64.Nd3 Bd4
65.Nf4 Rh6 66.Rh1 Rb6  1/2-1/2

[Event "38th Olympiad"]
[Site "Dresden GER"]
[Date "2008.11.13"]
[Round "1"]
[White "Hracek,Z"]
[Black "Smerdon,D"]
[Result "1-0"]
[WhiteElo "2613"]
[BlackElo "2470"]

1.e4 c5 2.Nf3 d6 3.Bb5+ Bd7 4.Bxd7+ Qxd7 5.c4 Nf6 6.Nc3 g6 7.d4 cxd4 8.Nxd4 Bg7
9.h3 O-O 10.Be3 Na6 11.O-O Rac8 12.b3 Nc5 13.f3 Nh5 14.g4 Ng3 15.Re1 f5 16.exf5 gxf5
17.Bf2 f4 18.Rc1 Be5 19.Ndb5 a6 20.b4 Nce4 21.Nxe4 axb5 22.Nxg3 fxg3 23.Rxe5 gxf2+
24.Kxf2 bxc4 25.Rg5+ Kh8 26.Qd4+ Rf6 27.Rxc4 e5 28.Rxc8+ Qxc8 29.Qd3 Qe6
30.Qc2 h6 31.Rf5 Rxf5 32.gxf5 Qd5 33.f6 Qd4+ 34.Ke2 Qxb4 35.Qc8+ Kh7 36.Qf5+ Kh8
37.Qc8+ Kh7 38.Qf5+ Kh8 39.f7 Qb2+ 40.Kf1 Qc1+ 41.Kg2 Qd2+ 42.Kg3 Qf4+ 43.Qxf4 exf4+
44.Kxf4 Kg7 45.Ke4 Kxf7 46.Kd5 Ke7 47.a4 h5 48.h4  1-0

[Event "38th Olympiad"]
[Site "Dresden GER"]
[Date "2008.11.13"]
[Round "1"]
[White "Gomez,Joh"]
[Black "Li Chao2"]
[Result "1/2-1/2"]
[WhiteElo "2519"]
[BlackElo "2622"]

1.e4 c5 2.Nf3 d6 3.Bb5+ Bd7 4.Bxd7+ Qxd7 5.c4 Nf6 6.Nc3 g6 7.d4 cxd4 8.Nxd4 Nc6
9.O-O Bg7 10.Be3 O-O 11.f3 Rac8 12.b3 a6 13.a4 Qd8 14.Qd2 Nd7 15.Rab1 Qa5
16.Rfd1 Rfe8 17.Nxc6 Rxc6 18.Bd4 Bxd4+ 19.Qxd4 Qc5 20.Nd5 a5 21.Kf2 f5 22.Nc3 Kf7
23.Ke2 Qxd4 24.Rxd4 Nc5 25.Kd2 e5 26.Rd5 Ke7 27.Kc2 f4 28.Rbd1 b6 29.Nb5 Nb7
30.g4 fxg3 31.hxg3 Rf8 32.f4 exf4 33.gxf4 Rxf4 34.e5 Rf2+ 35.Kb1 Rc5 36.exd6+ Kd7
37.Re1 Rxd5 38.Re7+ Kd8 39.cxd5 Nxd6 40.Rxh7 Nxb5 41.axb5 Rf5 42.Rb7 Rxd5
43.Rxb6 g5 44.Kb2 Kc7 45.Rc6+ Kb7 46.Ka3 Rxb5 47.Rg6 Kc7 48.Ka4 Re5 49.b4 axb4
50.Kxb4 Kd7 51.Kc4 Ke7 52.Kd4 Kf7 53.Ra6 Re7 54.Kd3 Re8 55.Rb6 Kg7 56.Ra6  1/2-1/2

[Event "38th Olympiad"]
[Site "Dresden GER"]
[Date "2008.11.14"]
[Round "2"]
[White "Sandipan,C"]
[Black "Cicak,S"]
[Result "1/2-1/2"]
[WhiteElo "2579"]
[BlackElo "2564"]

1.e4 c5 2.Nf3 d6 3.Bb5+ Nd7 4.O-O a6 5.Bxd7+ Bxd7 6.d4 cxd4 7.Qxd4 Rc8 8.Bg5 h6
9.Bh4 Qc7 10.Nc3 e5 11.Qd3 Be6 12.Rfd1 g5 13.Bg3 Nf6 14.Nd5 Bxd5 15.exd5 Qxc2
16.Qe3 Bg7 17.h4 O-O 18.hxg5 hxg5 19.Rac1 Qxb2 20.Rxc8 Rxc8 21.Qxg5 Qc2 22.Re1 Qg6
23.Rc1 Rc2 24.Rxc2 Qxc2 25.Nh4 Qd1+ 26.Kh2 Qg4 27.Qxg4 Nxg4+ 28.Kh3 Nf6 29.Nf5 Nxd5
30.Nxd6 b5 31.Kg4 Nc3 32.Kf5 f6 33.Ne8 Nxa2 34.Nxg7 Kxg7 35.Bh4 a5 36.Bxf6+ Kf7
37.Bxe5 b4 38.Ke4 a4 39.Kd5 a3 40.Kc4 Nc1 41.Kxb4 Nd3+  1/2-1/2

[Event "38th Olympiad"]
[Site "Dresden GER"]
[Date "2008.11.14"]
[Round "2"]
[White "Hatanbaatar,B"]
[Black "Harper,R"]
[Result "1-0"]
[WhiteElo "2375"]
[BlackElo "2233"]

1.e4 c5 2.Nf3 d6 3.Bb5+ Bd7 4.Bxd7+ Qxd7 5.c4 Nf6 6.Nc3 g6 7.d4 cxd4 8.Nxd4 Bg7
9.O-O O-O 10.f3 Rc8 11.b3 d5 12.exd5 Nxd5 13.Nxd5 e6 14.Ne3 Bxd4 15.Rb1 Nc6
16.Kh1 Qe7 17.Nc2 Be5 18.f4 Bg7 19.Qe1 Rd8 20.Ne3 Qc5 21.b4 Qd6 22.c5 Qd3
23.Rb3 Qe4 24.b5 Nd4 25.Rb4 Rac8 26.Rc4 Qd3 27.Qb4 Ne2 28.Qb3 Nc3 29.h3 Rd5
30.Rxc3 Bxc3 31.Rd1 Qxd1+ 32.Nxd1 Rdxc5 33.Ba3 Rc4 34.Nxc3 Rxc3 35.Qb4 Rc2
36.Qd4 b6 37.Bb2 Kf8 38.Qg7+ Ke8 39.Bf6 Kd7 40.Qxf7+ Kd6 41.Be5+ Kc5 42.a4 Kb4
43.Qxa7 Rc1+ 44.Kh2 Rd1 45.Qxb6 Rcc1 46.Qxe6 h5 47.h4  1-0

[Event "38th Olympiad"]
[Site "Dresden GER"]
[Date "2008.11.14"]
[Round "2"]
[White "Xie,G"]
[Black "Martinez,Ne"]
[Result "0-1"]
[WhiteElo "2403"]
[BlackElo "2149"]

1.e4 c5 2.Nf3 d6 3.Bb5+ Nd7 4.d4 Nf6 5.Nc3 cxd4 6.Qxd4 e5 7.Qd3 h6 8.Be3 Be7
9.Nd2 O-O 10.Nc4 Qc7 11.Bxd7 Bxd7 12.O-O-O Rfd8 13.Nxd6 Bc6 14.Bc5 Ne8 15.Nd5 Bxd5
16.Nxe8 Qxc5 17.exd5 Rxe8 18.f3 Rad8 19.Kb1 b5 20.g4 Rd6 21.Rhe1 Bg5 22.Re4 Bf4
23.a4 a6 24.axb5 axb5 25.c4 Red8 26.Qc3 bxc4 27.Rxc4 Qe3 28.Rc8 Qxc3 29.Rxd8+ Rxd8
30.bxc3 Kf8 31.Kc2 Ke7 32.c4 Be3 33.Rb1 Rd7 34.Rb8 Kd6 35.Kd3 Bd4 36.Rc8 Ra7
37.Ke4 Rc7 38.Rd8+ Ke7 39.Rg8 Rxc4 40.Rxg7 Bg1+ 41.Kf5 Bxh2 42.Rh7 Rf4+ 43.Kxe5 Rxg4+
44.f4 Rxf4 45.d6+ Kd7 46.Rh8 Rf1+ 47.Ke4 Rf6 48.Kd4  0-1

[Event "38th Olympiad w"]
[Site "Dresden GER"]
[Date "2008.11.14"]
[Round "2"]
[White "Kagramanov,D"]
[Black "Trejos,S"]
[Result "1-0"]
[WhiteElo "2118"]
[BlackElo "2052"]

1.e4 c5 2.Nf3 d6 3.Bb5+ Bd7 4.Bxd7+ Nxd7 5.O-O Ngf6 6.Qe2 g6 7.c3 Bg7 8.d4 Qc7
9.Re1 O-O 10.e5 dxe5 11.dxe5 Nd5 12.e6 N7f6 13.exf7+ Rxf7 14.Ng5 Rff8 15.Ne6 Qd6
16.Nxf8 Rxf8 17.Na3 Qd7 18.h3 a6 19.Nc4 b5 20.Ne5 Qb7 21.Nf3 Nh5 22.Qe4 Qd7
23.Bg5 Nhf6 24.Qh4 Qf5 25.Re2 Nh5 26.Qg4 Nhf4 27.Bxf4 Nxf4 28.Rxe7 Nxh3+
29.gxh3 Qxf3 30.Qxf3 Rxf3 31.Kg2 Rf8 32.Rd1 a5 33.Rd5 Rc8 34.Rdd7 Bf6 35.Rxh7 b4
36.Rc7 Rxc7 37.Rxc7 bxc3 38.bxc3 Bxc3 39.Rxc5 Bb4 40.Rc7 Bd2 41.a4 g5 42.Kf3 Bf4
43.Rc5  1-0

[Event "38th Olympiad w"]
[Site "Dresden GER"]
[Date "2008.11.14"]
[Round "2"]
[White "Ryvova,A"]
[Black "Sanchez Rodriguez,W"]
[Result "1-0"]
[WhiteElo "2009"]
[BlackElo "1773"]

1.e4 c5 2.Nf3 d6 3.Bb5+ Bd7 4.Bxd7+ Qxd7 5.O-O Nc6 6.c3 Nf6 7.Re1 Qc7 8.d4 cxd4
9.cxd4 Nd7 10.Nc3 e6 11.d5 Nce5 12.Nd4 Nc5 13.f4 Ned3 14.Re2 e5 15.fxe5 Nxe5
16.Be3 a6 17.Rc1 Qd8 18.Qf1 Rc8 19.Nf5 Ncd3 20.Rd1 Qd7 21.Red2 Nxb2 22.Rxb2 Rxc3
23.Bd4 Rc8 24.Rdb1 b5 25.a4 g6 26.Ne3 Bh6 27.Qe2 Bxe3+ 28.Qxe3 Nc4 29.Qh6 Nxb2
30.Bxh8 Nxa4 31.Bf6 Qa7+ 32.Kh1 Kd7 33.Qxh7 Kc7 34.Qxf7+ Kb8 35.Qxg6 Qe3
36.h4 Nc5 37.Bg5 Qxe4 38.Qxd6+ Ka8 39.Rc1 Qb4 40.Be7 a5 41.Rxc5 Rxc5 42.Qa6+  1-0